| 000 | 00656nam a22002177a 4500 | ||
|---|---|---|---|
| 999 |
_c6287 _d6287 |
||
| 001 | 6287 | ||
| 003 | BD-JhCC | ||
| 005 | 20180120165551.0 | ||
| 008 | 180120s1988 bg |||| |||| 00| 0 ben d | ||
| 035 | _a(BD-JhCC)6287 | ||
| 040 |
_aBD-JhCC _dBD-JhCC |
||
| 041 | _aben | ||
| 082 |
_a910.4 _bHOS 1988 |
||
| 100 | _aহোসেন, আলী | ||
| 245 |
_aআজমীরের পথে / _cআলী হোসেন |
||
| 260 |
_aঢাকা : _bইসলামিক ফাউন্ডেশন বাংলাদেশ, _c১৯৮৮. |
||
| 300 |
_a104 পৃ. : _c২১ সেমি. |
||
| 650 | _aTravelogec | ||
| 942 |
_2ddc _cBK |
||